[Event "Carvalho Memorial op 9th"]
[Site "Juazeiro do Norte"]
[Date "2014.09.19"]
[Round "2"]
[White "Schade, Dennys Karlo Mendes"]
[Black "Dutra, Marcus Vinicius Med"]
[Result "0-1"]
[WhiteElo "1947"]
[BlackElo "1805"]
[PlyCount "88"]
[EventDate "2014.09.19"]
[EventType "swiss"]
[EventRounds "6"]
[EventCountry "BRA"]
[SourceTitle "CBM 162 Extra"]
[Source "ChessBase"]
[SourceDate "2014.10.17"]
[SourceVersion "1"]
[SourceVersionDate "2014.10.17"]
[SourceQuality "1"]

1. e4 e5 2. Nf3 Nf6 3. Bc4 d6 4. Nc3 Be7 5. h3 0-0 6. d3 c6 7. Bb3 Nbd7 8. Be3 Re8 9. 0-0 b5 10. Ng5 Rf8 11. f4 exf4 12. Bxf4 Nc5 13. Nf3 a5 14. a3 Nxb3 15. cxb3 d5 16. e5 Ne8 17. Qd2 Nc7 18. Bg5 Ne6 19. Bxe7 Qxe7 20. d4 Bb7 21. Ne2 b4 22. a4 Ba6 23. Rf2 Bxe2 24. Rxe2 Rfd8 25. Rc1 Rac8 26. Qe3 Rc7 27. Rec2 Rdc8 28. Kf1 c5 29. Ke2 cxd4 30. Rxc7 Rxc7 31. Rxc7 Qxc7 32. Nxd4 Nxd4+ 33. Qxd4 Qc2+ 34. Ke3 Qxg2 35. Qg4 Qxg4 36. hxg4 g6 37. Kd4 h5 38. Kxd5 hxg4 39. Ke4 g5 40. Ke3 Kf8 41. Kf2 Ke7 42. Kg3 Ke6 43. Kxg4 Kxe5 44. Kxg5 f5 0-1